000
00316nam a22001337a 4500
008
171121b xxu||||| |||| 00| 0 eng d
020
_a
9780781771788
041
_a
eng
080
_2
7 ED
_a
618.2
100
_a
2
101
_a
INF
245
_a
NURSING DIAGNOSIS REFERENCE MANUAL
_c
TAYLOR.C.M
942
_2
udc
_c
BK
999
_c
38281
_d
38281